banner-ar

Studies in Coptic culture : (Record no. 64127)

MARC details
000 -الفاتح
حقل البيانات ثابتة الطول 00949cam a22002777i 4500
005 - وقت وتاريخ اخر تعامل مع التسجيلة
رقم الضبط 20240530110716.0
008 - عناصر البيانات ثابتة الطول - معلومات عامة
حقل البيانات ثابتة الطول 161024t20162016ua a b 000 0 eng d
020 ## - الرقم الدولى المعيارى للكتب
الرقم الدولى المعيارى للكتاب 9774167503
020 ## - الرقم الدولى المعيارى للكتب
الرقم الدولى المعيارى للكتاب 9789774167508
040 ## - مصدر الفهرسة
وكالة الفهرسة الأصلية YDXCP
لغة الفهرسة eng
وكالة النسخ YDXCP
وكالة التعديل BDX
-- BTCTA
-- OCLCQ
-- OCLCO
-- OCLCF
-- YDX
-- ORC
-- MEAUC
-- DLC
قواعد الوصف rda
082 04 - رقم تصنيف ديوى العشرى
رقم الطبعة 21
رقم التصنيف 932.023
رقم المادة C C\A S
245 00 - بيان العنوان
العنوان Studies in Coptic culture :
بقية العنوان transmission and interaction /
بيان المسئوليه,etc edited by Mariam F. Ayad.
300 ## - الوصف المادى
التعداد xii, 220 pages :
تفاصيل ماديه اخرى للوعاء illustrations ;
أبعاد الوعاء 24 cm
504 ## - تبصرة ببليوجرافية
تبصرة ببليوجرافية,الخ Includes bibliographical references (pages 199-220).
650 #0 - المدخل الاضافى بالموضوع-مصطلح موضوعى
مصطلح موضوعي Copts
التقسيم الفرعي العام History.
651 #0 - المدخل الاضافى بالموضوع - اسم جغرافى
الاسم الجغرافي Egypt
التقسيم الفرعي العام Religion
التقسيم الفرعي الزمني 332 B.C.-640 A.D.
700 1# - المدخل الاضافى - اسم شخصى
الإسم الشخصى Ayad, Mariam F.,
الدور editor.
942 ## - عناصر المدخل الإضافي( كوها)
مصدر التصنيف او مخطط الترفيف Dewey Decimal Classification
Koha [default] item type كتاب
264 #1 -
-- Cairo :
-- American University In Cairo Press,
-- [2016]
264 #4 -
-- ©2016
336 ## -
-- text
-- txt
-- rdacontent
337 ## -
-- unmediated
-- n
-- rdamedia
338 ## -
-- volume
-- nc
-- rdacarrier
Holdings
حالة التراجع حالة الفقد مصدر التصنيف او خطة الترفيف حالة تلف ليس للاعارة المكان المؤقت الموقع الحالى موقع الترفيف تاريخ الاكتساب اجمالي اﻻعارات رقم الطلب الباركود تاريخ اخر مشاهدة تاريخ تفعيل السعر نوع وعاء كوها
    ddc     مكتبة القاهرة الكبرى مكتبة القاهرة الكبرى   02/24/2018   932.023 C C\A S 164266 02/24/2018 02/24/2018 كتاب

Powered By

EGPV